000 00570nam a22001937a 4500
005 20251108173155.0
008 250721s1994 xx 000 0 ara d
082 1 4 _a618.3/خور
100 1 _aالخوري، روجية
245 1 0 _aإضطربات الحمل :الجزء الثالث /
250 _aط 1
264 1 _aبيروت :
_bشركة المطبوعات للنشر والتوزيع،
_c1994.
300 _a440ص
490 0 _aالطب النسائي
650 1 7 _aالحمل
650 1 7 _aأمراض النساء
942 _2ddc
_cBK
999 _c97761
_d97761